00953nam a2200265Ia 450000500170000000800410001702000180005810000230007624501180009925000180021730000500023553400230028565000520030865000510036065000380041170000310044994200150048026400430049533600270053833700330056533800280059804000350062608400110066199900150067220220317001400.0161108s2011 sp a g 000 0 spa  a97884924129211 aRaud, Piretd1971-13aLa curiosa historia del señor pájarocPiret Raud ; traducción Elena del Amo ; edición Carolina Lesa Brown a1a. edición a[32] páginasbilustraciones en colorc25 cm tHärra Linnu lugu142LEMBaÁlbumes infantiles estonianosySiglo XX142LEMBaLiteratura infantil estoniana ySiglo XX142LEMBaIdentidad en la literatura 1 aRaud, Piretd1971- 974130 2loccBKLIT aBarcelonabLibros del Zorro Rojoc2011 atextobtxt2rdacontent asin mediaciónbn2rdamedia avolumenbnc2rdacarrier aCO-BoRNBPbspaerdacCO-BoRNBP aA RAU1 c6800d6800